000
00307nam a2200133Ia 4500
005
20251222143155.0
008
251222s9999||||xx |||||||||||||| ||spa||
020
_a
2-86869-298-2
082
_a
741.944/D63
100
_a
Deux, Fred
245
0
_a
Fred Deux:
264
_b
Musées de Marseille
942
_c
LIB
999
_c
12834
_d
12834